पब्लिक सैक्टर का सांड : (Record no. 112290)

MARC details
000 -LEADER
fixed length control field 01114nam a22002657a 4500
005 - DATE AND TIME OF LATEST TRANSACTION
control field 20170124102936.0
010 ## - LIBRARY OF CONGRESS CONTROL NUMBER
LC control number A-401011
020 ## - INTERNATIONAL STANDARD BOOK NUMBER
Terms of availability 50.00
035 ## - SYSTEM CONTROL NUMBER
System control number A-401011
037 ## - SOURCE OF ACQUISITION
Source of stock number/acquisition Cen Lib/Ret
040 ## - CATALOGING SOURCE
Original cataloging agency DPL
Language of cataloging HN
082 ## - DEWEY DECIMAL CLASSIFICATION NUMBER
Classification number 827
Item number मजीठि
100 ## - MAIN ENTRY--PERSONAL NAME
Personal name मजीठिया, सुदर्शन
9 (RLIN) 42466
245 ## - TITLE STATEMENT
Title पब्लिक सैक्टर का सांड :
Statement of responsibility, etc सुदर्शन मजीठिया
Remainder of title हास्य-व्यंग्य /
246 ## - VARYING FORM OF TITLE
Title proper/short title Public sector ka saand : hasye-vyang /
Remainder of title by Sudarshan Majeethiya
260 ## - PUBLICATION, DISTRIBUTION, ETC. (IMPRINT)
Name of publisher, distributor, etc शान्ति प्रकाशन
Place of publication, distribution, etc रोहतक
Date of publication, distribution, etc 1989
270 ## - ADDRESS
City हरियाणा
Address आसन 124421
Postal code 110006
300 ## - PHYSICAL DESCRIPTION
Extent 104पृ.
Dimensions 20सेमी (सजिल्द)
500 ## - GENERAL NOTE
General note अनुक्रमाणिका शामिल
650 ## - SUBJECT ADDED ENTRY--TOPICAL TERM
Topical term or geographic name as entry element हिन्दी -- साहित्य
9 (RLIN) 46730
650 ## - SUBJECT ADDED ENTRY--TOPICAL TERM
Topical term or geographic name as entry element हिन्दी -- कहानी
9 (RLIN) 779
650 ## - SUBJECT ADDED ENTRY--TOPICAL TERM
Topical term or geographic name as entry element Hindi - literature
9 (RLIN) 46731
650 ## - SUBJECT ADDED ENTRY--TOPICAL TERM
Topical term or geographic name as entry element Hindi - Story
9 (RLIN) 43117
942 ## - ADDED ENTRY ELEMENTS (KOHA)
Source of classification or shelving scheme Dewey Decimal Classification
Koha item type Hindi Books
Classification part 827
Call number suffix मजीठि
Holdings
Withdrawn status Lost status Damaged status Not for loan Home library Current library Date acquired Source of acquisition Cost, normal purchase price Total Checkouts Full call number Barcode Date last seen Copy number Cost, replacement price Price effective from Koha item type
        Central Library Central Library 07/08/2015 Cen Lib/Ret 50.00   827 मजीठि A-401011 07/08/2015 1 50.00 07/08/2015 Hindi Books

© Delhi Public Library
Hit Counter
free hit counter